Cent beaux aspects du réseau P.L.M. (Record no. 43272)
[ view plain ]
| 000 -LEADER | |
|---|---|
| campo de control de longitud fija | 00670nam a2200181 i 4500 |
| 001 - NÚMERO DE CONTROL | |
| campo de control | 43272 |
| 003 - IDENTIFICADOR DE NÚMERO DE CONTROL | |
| campo de control | ES-MaACL |
| 005 - FECHA Y HORA DE LA ÚLTIMA TRANSACCIÓN | |
| campo de control | 20230906160750.0 |
| 007 - CAMPO FIJO DE DESCRIPCIÓN FÍSICA--INFORMACIÓN GENERAL | |
| campo de control de longitud fija | t| |
| 008 - DATOS DE LONGITUD FIJA--INFORMACIÓN GENERAL | |
| campo de control de longitud fija | 030317q19201929fr ||||1| fre d |
| 110 2# - ENTRADA PRINCIPAL--NOMBRE DE ENTIDAD CORPORATIVA | |
| Nombre de entidad corporativa o nombre de jurisdicción como elemento de entrada | Compagnie des Chemins de Fer de Paris á la Meéditerranée. |
| 9 (RLIN) | 134286 |
| 245 10 - MENCIÓN DEL TÍTULO | |
| Título | Cent beaux aspects du réseau P.L.M. |
| Resto del título | : [texte Imprimé] / |
| Mención de responsabilidad, etc. | Compagnie des Chemins de Fer de Paris áa Lyon et áa la Mèditerranée. |
| 260 ## - PUBLICACIÓN, DISTRIBUCIÓN, ETC. | |
| Lugar de publicación, distribución, etc. | Paris : |
| Nombre del editor, distribuidor, etc. | [s.n., |
| Fecha de publicación, distribución, etc. | 192-?] ( |
| Fabricante | Impr. Maréchal) |
| 300 ## - DESCRIPCIÓN FÍSICA | |
| Extensión | 227 p. : |
| Otras características físicas | il. ; |
| Dimensiones | 32 cm. |
| 500 ## - NOTA GENERAL | |
| Nota general | Texte en français, anglais, allemand, etc. |
| 651 04 - PUNTO DE ACCESO ADICIONAL DE MATERIA--NOMBRE GEOGRÁFICO | |
| Nombre geográfico | Francia- |
| Subdivisión general | Descripción. |
| 9 (RLIN) | 8676 |
| 852 ## - LOCALIZACIÓN | |
| Ubicación | ES-MaACL |
| Número de control de estantería | B-6525 |
| Estatus retirado | Estado de pérdida | Estado de daño | No para préstamo | Biblioteca de origen | Biblioteca actual | Ubicación en estantería | Fecha de adquisición | Fuente de adquisición | Total de préstamos | Signatura topográfica completa | Código de barras | Visto por última vez | Precio de reemplazo | Tipo de ítem Koha |
|---|---|---|---|---|---|---|---|---|---|---|---|---|---|---|
| Biblioteca del Ateneo de Madrid | Biblioteca del Ateneo de Madrid | Sala Pardo Bazán | 17/01/2008 | B-6525 | 1045553 | 23/02/2023 | 23/02/2023 | Libro impreso |
